| 000 | 00562nam a22001937a 4500 | ||
|---|---|---|---|
| 008 | 150723b xxu||||| |||| 00| 0 ger d | ||
| 041 | 0 | _ager | |
| 080 | _a621.3 | ||
| 100 | _aLueg, Heinz ; | ||
| 245 |
_aGrundlegende systeme netzwerke und schaltungen der impulstechnik / _cHeinz Lueg ; |
||
| 260 |
_bInstitut for Technische Elektronik ; _c1970. |
||
| 300 |
_a334 f. : _bme il. ; _c22 cm. |
||
| 500 | _aVorwort : III | ||
| 505 | _aLiteraturhinweise : f. 323-329 | ||
| 650 | 0 | _aElektroteknika | |
| 650 | 0 | _aElektronika | |
| 650 | 0 | _aQarqet | |
| 942 |
_2udc _cBK |
||
| 999 |
_c1141 _d1141 |
||